000 01539cam a2200397 a 4500
001 12396386
003 LC
005 20160308154233.0
008 010501r20011991nyu 000 1 eng
010 _a 2001034030
020 _a0671742566
040 _aDLC
_cDLC
_dDLC
043 _an-us-in
050 0 0 _aPS 3563
_b.M478 1983
082 0 0 _aFIC
_bM12 1983
100 1 _aMcNaught, Judith.
_920041
245 1 0 _aTender triumph /
_b
_cJudith McNaught.
246 3 _aParadise ; Tender triumph
260 _aNew York :
_bPocket Books,
_cc1983.
300 _a375 p. :
_c17 cm.
650 0 _aConsolidation and merger of corporations
_vFiction.
_920042
650 0 _aDepartment stores
_vFiction.
_920043
650 0 _aWomen executives
_vFiction.
_920044
651 0 _aIndiana
_vFiction.
_920045
655 7 _aRomantic suspense fiction.
_2gsafd
_917475
655 7 _aLove stories.
_2gsafd
_92799
700 1 2 _aMcNaught, Judith.
_tTender triumph.
_920046
740 0 2 _aTender triumph.
856 4 2 _3Contributor biographical information
_uhttp://www.loc.gov/catdir/bios/simon052/2001034030.html
856 4 2 _3Publisher description
_uhttp://www.loc.gov/catdir/description/simon032/2001034030.html
856 4 1 _3Sample text
_uhttp://www.loc.gov/catdir/enhancements/fy0641/2001034030-s.html
906 _a7
_bcbc
_corignew
_d1
_eocip
_f20
_gy-gencatlg
942 _2lcc
_cBK
999 _c11375
_d11375